000 01525nam a2200289Ia 4500
003 OSt
005 20251204100937.0
008 220909b |||||||| |||| 00| 0 eng d
020 _a0471321486
037 _cTextual
040 _aCSL
_beng
_cCSL
041 _aeng
084 _aB37 P0
_qCSL
100 _aBartle, Robert G.
_9854358
245 0 _aIntroduction to real analysis
250 _a3rd
260 _aNew York,
_c2000.
_bJohn Wiley Sons, Inc:
300 _axi, 388p.
_c: ill.
500 _aAppendix A-E, 334-356p.; Bibliographical references 357p.; Index 381-388p.
520 _aIn recent years, mathematics has become valuable in many areas, including economics and management science as well as the physical sciences, engineering and computer science. Therefore, this book provides the fundamental concepts and techniques of real analysis for readers in all of these areas. It helps one develop the ability to think deductively, analyze mathematical situations and extend ideas to a new context. Like the first two editions, this edition maintains the same spirit and user--friendly approach with some streamlined arguments, a few new examples, rearranged topics, and a new chapter on the Generalized Riemann Integral.
650 _a Real variables
_9854359
650 _aMathematics
_9854360
700 _aSherbert, Donald R.
_9854361
700 _aBartle, Robert G.
_9854358
942 _hB37 P0
_cTEXL
_2CC
_n0
999 _c57605
_d57605